Регионална библиотека "Любен Каравелов" - Русе

Магията на Рейки (Запис номер 120592)

MARC детайли
000 -Лидер
Лидер 01644nam a2200325 a 4500
003 - Код на организацията, давaща контролен номер
Код на организацията, даваща контролен номер BLK
005 - Дата и час на последна редакция
Дата и час на последна редакция 20250703104232.0
008 - Елементи от данни с фиксирана дължина
Елементи с фиксирана дължина 180409b bul|||||r ||||||| ||bul||
020 ## - Международен стандартен номер на книга ISBN
ISBN 9789546263056
040 ## - Източник на каталожния запис
Код на библиотеката BLK
041 ## - Код за език
Език Български
Език за КДБФ Български
080 ## - УДК
УДК текст Други видове терапия. Биоенерготерапия.
УДК код 615.85
УДК – код + определител 615.85
080 ## - УДК
УДК текст Проблеми на окултното. Теории и системи на езотеричните дисциплини, които изясняват и интерпретират феномените и проблемите на окултното. Вж и 159.961; 291.3
УДК код 133
УДК – код + определител 133
100 1# - Редна дума - Автор
Автор Пензак, Кристофър
R(LIN) 108145
245 10 - Сведения за заглавието
Заглавие Магията на Рейки
Подзаглавни данни Фокусиране на енергията за лечение, ритуали и духовно развитие
Авторска отговорност Кристофър Пензак ; прев. от англ. Светлана Николова
257 ## - Страна на издаване
Страна на създаване/издаване Съединени американски щати
260 ## - Област на издателските данни
Място на издаване София
Име на издателя Аратрон
Година на издаване 2009
Печатница Перник : Съперник
300 ## - Физическа характеристика
Брой страници 351 с.
Илюстрации с ил., сх.
Размер 22 см
380 ## - Жанр
Жанр Медицина
500 ## - Общи забележки
Обща забележка Ориг. загл.: Magic of Reiki / Christopher Penczak. - За авт.
504 ## - Забележка за наличие на библиография и др
Библиография Библиогр.: с. 349-350
650 #4 - Допълнително описание по предмет – тема
Предметна рубрика Биоенерготерапия
9 (RLIN) 148661
700 1# - Други автори (авторска отговорност)
Друг автор Николова, Светлана Михайлова
9 (RLIN) 103313
852 ## - Местоположение
Сигнатура (форматна) Цб 279270
856 4# - Електронен адрес и достъп
Електронен формат pdf - файл
856 4# - Електронен адрес и достъп
Електронен формат pdf - файл
942 ## - АРТИКУЛИ
Вид на библиотечния документ Книги
Скрит в OPAC Не
Koha issues (borrowed), all copies 5
944 ## - СЪЗДАВАНЕ И РЕДАКЦИЯ на ЗАПИСА
Дата на регистрацията/редакция 04.02.2016
Служител, извършил регистрацията/редакцията 30576
Номер на служител Цветомила Тодорова
999 ## - СИСТЕМНИ КОНТРОЛНИ НОМЕРА
Koha biblionumber 120592
Koha biblioitemnumber 120592
Наличности
Код за отписване Код за изгубен артикул Код за повреда Коз за рестрикции Код за отдаване Артикулен № Име на библиотеката - собственик Име на библиотеката, в която се намира в момента Статус (Текущо местоположение) Дата на вписване в системата Местоположение - отдел Цена в лева Инвентарен номер Систематично азбучна сигнатура Баркод Номер на екземпляра Цена в евро Служебна бележка Служебен тип на артикула Източник на класификационната схема
  Не е изгубен Не е повреден без рестрикции ползва се в читалня 194780 Регионална библиотека "Любен Каравелов" Русе Регионална библиотека "Любен Каравелов" Русе Хранилище 2016-02-05 Хранилище 20.00 120000797452 Цб 279270 120000797452 1 10.23 Дост: Dp Вид: Д N: 2 Дата: 07.01.2016 Книги  
  Не е изгубен Не е повреден   заемане за дома 954459 Регионална библиотека "Любен Каравелов" Русе Регионална библиотека "Любен Каравелов" Русе Заемна - подръчен фонд 2024-11-08 Заемна - подръчен фонд 16.00 120000915118 615.8/П 34 К 120000915118   8.18   Книги Universal Decimal Classification
Vip Innovations Ltd, Rousse, Bulgaria 2025